Mapa para la tassa de las onzas del pan, que deba darse por medio, segun los precios, costos, y gastos respectivos de cada carga de harina, reducida à tortas de pan cosido. Dispuesto por el señor Don Juan Manuel de Olivan Revolledo, del Consejo de su Magest. su oydor en esta Rl. Audiencia, y auditor general de la guerra de esta Nueva España, y aprobado por el exmo. Señor Marquès de Cada-Fuerte, virrey, governador, y capitan general de ella, y presidente de su R. Audiencia, por decreto de primero de marzo de mil setecientos veinte, y seis, con voto concultivo del rl. acuerdo de veinte, y ocho de febrero del mismo año. Calculado por D. Pedro Telles Carvajal, contador del juzgado Gl. de bienes de difuntos

Detalles Bibliográficos
Autor Corporativo: Nueva España (Reino)
Otros Autores: Olivan Revolledo, Juan Manuel de, Télle Carvajal, Pedro, Oliván Revolledo, Juan Manuel
Formato: Libro
Lenguaje:Spanish
Publicado: reimpresso en Mexico : por mandato del Superior Gobierno, en la imprenta de la viuda de D. Joseph Bernardo de Hogal. En la calle de las capuchinas, 1755.
Materias:
Colección:Banco de datos
Acervo:Fondo Antiguo José Gutiérrez Casillas. S.J. de la Biblioteca Eusebio F. Kino. de la Provincia Mexicana de la Compañía de Jesús
Descripción Física:1 pliego ; f° (38 x 55 cm.)
Tema general:Derecho civil
Notas:Texto a renglón seguido con orla en grabado xilográfico. Encuadernado en cartón con lomo en piel. Encuadernado en C.de.I./v.209. Índice manuscrito en la guarda anterior
LEADER 01673nam a22002170004500
035 |a 5103 
041 0 |a spa 
110 1 |a Nueva España (Reino) 
245 1 0 |a Mapa para la tassa de las onzas del pan, que deba darse por medio, segun los precios, costos, y gastos respectivos de cada carga de harina, reducida à tortas de pan cosido. Dispuesto por el señor Don Juan Manuel de Olivan Revolledo, del Consejo de su Magest. su oydor en esta Rl. Audiencia, y auditor general de la guerra de esta Nueva España, y aprobado por el exmo. Señor Marquès de Cada-Fuerte, virrey, governador, y capitan general de ella, y presidente de su R. Audiencia, por decreto de primero de marzo de mil setecientos veinte, y seis, con voto concultivo del rl. acuerdo de veinte, y ocho de febrero del mismo año. Calculado por D. Pedro Telles Carvajal, contador del juzgado Gl. de bienes de difuntos  
260 |a reimpresso en Mexico : por mandato del Superior Gobierno, en la imprenta de la viuda de D. Joseph Bernardo de Hogal. En la calle de las capuchinas, 1755.  
300 |a 1 pliego ; f° (38 x 55 cm.) 
500 |a Texto a renglón seguido con orla en grabado xilográfico. Encuadernado en cartón con lomo en piel. Encuadernado en C.de.I./v.209. Índice manuscrito en la guarda anterior 
501 |a 25 obras  
650 1 0 |a Derecho civil 
700 1 |a Olivan Revolledo, Juan Manuel de 
700 1 |a Télle Carvajal, Pedro  
700 1 |a Oliván Revolledo, Juan Manuel  
949 |a C.de.I./v.209/23 
942 |c KINO 
943 |g Fondo Antiguo José Gutiérrez Casillas. S.J. de la Biblioteca Eusebio F. Kino. de la Provincia Mexicana de la Compañía de Jesús 
999 |c 1097992  |d 1097992